| 000 | nam a22 7a 4500 | ||
|---|---|---|---|
| 999 |
_c329077 _d329077 |
||
| 003 | Nust | ||
| 005 | 20170424111442.0 | ||
| 008 | 170424b xxu||||| |||| 00| 0 eng d | ||
| 020 | _a8173196451 | ||
| 040 | _c0 | ||
| 082 | _a363.74 SIN | ||
| 100 | _aSingal,S.P. | ||
| 245 |
_aNoise Pollution and Control Strategy _cS.P.Singal |
||
| 260 |
_aNew Delhi _bNarosa Publishing House _c2005 |
||
| 300 | _a323p. | ||
| 500 | _aP.B | ||
| 942 |
_2ddc _cBK _k363.74 SIN |
||